Quick Pick: Words Meaning 'Wine' Quiz Stats

 Plays Quiz Updated Aug 30, 2019

Score 0/10 Timer 01:00
1 Play Today
% Correct
葡萄酒
91.8%
Wein
91.7%
вино
78.1%
wijn
76%
fíon
68.8%
شراب
67.6%
वाइन
61.2%
rượu nho
52.1%
iwayini
46.5%
víno
36.8%

Today's Daily Dose

Missing Word
Sherlocks

Word Ladder
King of the Hill

Quick Pick
Songs in Pink

Get the Picture
NBA Teammates

You're not logged in!

Compare scores with friends on all Sporcle quizzes.
OR
Log In

Sporcle TV

Today on Sporcle TV


Watch our educational content, quiz creation guides, and fun videos on Sporcle TV.

Show Comments

Extras

Top Quizzes Today


Score Distribution

Your Account Isn't Verified!

In order to create a playlist on Sporcle, you need to verify the email address you used during registration. Go to your Sporcle Settings to finish the process.

Report this User

Report this user for behavior that violates our Community Guidelines.

Details: